000 01737cam a2200289 4500500
005 20260329012257.0
041 _afre
042 _adc
100 1 0 _aDe Ligio, Giulio
_eauthor
245 0 0 _aPatriotisme et charité. Sur le discernement spirituel du politique
260 _c2025.
500 _a60
520 _aLa notion de patriotisme est ici relue à la lumière du christianisme et de la tradition ignatienne. À partir de l’œuvre de Gaston Fessard, on plaide pour un discernement spirituel du destin des nations dans un monde globalisé. Le texte explore le paradoxe chrétien d’assumer et de transcender les patries. La nation n’estelle pas comme une médiation nécessaire, mais toujours perfectible par la justice et la charité ?
520 _aThe notion of patriotism is revisited here in the light of Christianity and the Ignatian tradition. Drawing on the work of Gaston Fessard, the text advocates for a spiritual discernment of the vocation of nations in a globalized world. It explores the Christian paradox of both assuming and transcending national identities. Might the nation be a necessary mediation, yet always in need of refinement through justice and charity?
690 _aCharité
690 _aDiscernement spirituel
690 _aGaston Fessard (1897-1978)
690 _aNation
690 _aThéologie politique
690 _aCharity
690 _aGaston Fessard (1897-1978)
690 _aNation
690 _aPolitical theology
690 _aSpiritual discernment
786 0 _nNouvelle revue théologique | 147 | 3 | 2025-06-02 | p. 450-468 | 0029-4845
856 4 1 _uhttps://shs.cairn.info/revue-nouvelle-revue-theologique-2025-3-page-450?lang=fr&redirect-ssocas=7080
999 _c1869545
_d1869545